Get on board (Record no. 68502)

MARC details
000 -LEADER
fixed length control field 01055cam a2200241 4500
001 - CONTROL NUMBER
control field ABS64587
008 - FIXED-LENGTH DATA ELEMENTS--GENERAL INFORMATION
fixed length control field 011008n2001 000 0 eng u
035 ## - SYSTEM CONTROL NUMBER
System control number (Sirsi) u115023
100 ## - MAIN ENTRY--PERSONAL NAME
Personal name Osborne, H.
245 ## - TITLE STATEMENT
Title Get on board
260 ## - PUBLICATION, DISTRIBUTION, ETC.
Date of publication, distribution, etc. 2001
490 ## - SERIES STATEMENT
Series statement Estates Gazette
Volume/sequential designation (0140) 6 October 2001, 146-147(2)
520 ## - SUMMARY, ETC.
Summary, etc. Looks at advertising hoardings, which can help fill a development. Notes the difficulties of obtaining approval from local planning authorities for eye-catching hoarding proposals. The conventional way to get a hoaring proposal approved is to ensure it is not an advertisement, and that it forms part of an overall marketing strategy. Provides a useful checklist of points to be aware of before applying for consent to put up an advertising hoarding.
590 ## - LOCAL NOTE (RLIN)
Local note ABS
650 ## - SUBJECT ADDED ENTRY--TOPICAL TERM
Topical term or geographic name entry element HOARDINGS
650 ## - SUBJECT ADDED ENTRY--TOPICAL TERM
Topical term or geographic name entry element ADVERTISING
650 ## - SUBJECT ADDED ENTRY--TOPICAL TERM
Topical term or geographic name entry element MARKETING
650 ## - SUBJECT ADDED ENTRY--TOPICAL TERM
Topical term or geographic name entry element COMPLIANCE
650 ## - SUBJECT ADDED ENTRY--TOPICAL TERM
Topical term or geographic name entry element PERMITTED USE
650 ## - SUBJECT ADDED ENTRY--TOPICAL TERM
Topical term or geographic name entry element DEVELOPMENT
690 ## - LOCAL SUBJECT ADDED ENTRY--TOPICAL TERM (OCLC, RLIN)
Topical term or geographic name as entry element ENVIRONMENTAL AND LAND CONSULTANCY-PLANNING AND DEVELOPMENT
942 ## - ADDED ENTRY ELEMENTS (KOHA)
Suppress in OPAC 0
Holdings
Withdrawn status Lost status Source of classification or shelving scheme Damaged status Not for loan Home library Current library Shelving location Date acquired Total Checkouts Full call number Barcode Date last seen Copy number Price effective from Koha item type
    Dewey Decimal Classification     London London Journal article 08/10/2001   ABS64587 115023-1001 06/08/2019 1 06/08/2019 Journal article